Normal view
MARC view
- Stuller J.A
Entry Personal Name
001 - CONTROL NUMBER
- control field: 125819
003 - CONTROL NUMBER IDENTIFIER
- control field: OSt
005 - DATE AND TIME OF LATEST TRANSACTION
- control field: 20230313121711.0
008 - FIXED-LENGTH DATA ELEMENTS
- fixed length control field: 230313|| aca||aabn | a|a d
040 ## - CATALOGING SOURCE
- Original cataloging agency: OSt
- Transcribing agency: OSt
100 ## - HEADING--PERSONAL NAME
- Personal name: Stuller J.A
670 ## - SOURCE DATA FOUND
- Source citation: Work cat.: (OSt)102208: Stuller J.A., Basic Circuit Analysis